[Event "HUN-chT2 Charousek 1415"]
[Site "Hungary"]
[Date "2014.11.16"]
[Round "2"]
[White "Zamodics, Peter"]
[Black "Samu, Ferenc"]
[Result "1/2-1/2"]
[WhiteElo "1978"]
[BlackElo "2146"]
[PlyCount "37"]
[EventDate "2014.10.12"]
[EventType "team-tourn"]
[EventRounds "9"]
[EventCountry "HUN"]
[SourceTitle "EXT 2016"]
[Source "ChessBase"]
[SourceDate "2015.10.08"]
[SourceVersion "1"]
[SourceVersionDate "2015.10.08"]
[SourceQuality "1"]
[WhiteTeam "SZASTE"]
[BlackTeam "Tapolca"]
[WhiteTeamCountry "HUN"]
[BlackTeamCountry "HUN"]

1. d4 Nf6 2. c4 e6 3. Nc3 d5 4. e3 b6 5. Nf3 Bb7 6. Bd3 Be7 7. 0-0 dxc4 8. Bxc4 0-0 9. b3 Ne4 10. Nxe4 Bxe4 11. Bb2 c5 12. Qe2 Nd7 13. Rfd1 Qc7 14. Rac1 Qb7 15. Ne1 a6 16. Bd3 Bxd3 17. Nxd3 cxd4 18. Bxd4 Bf6 19. Bxf6 1/2-1/2

[Event "HUN-chT2 Szechenyi 1213"]
[Site "Hungary"]
[Date "2012.09.16"]
[Round "1.6"]
[White "Kaufmann, Attila"]
[Black "Samu, Ferenc"]
[Result "0-1"]
[WhiteElo "1941"]
[BlackElo "2147"]
[PlyCount "66"]
[EventDate "2012.09.16"]
[EventType "team-tourn"]
[EventRounds "11"]
[EventCountry "HUN"]
[SourceTitle "EXT 2014"]
[Source "ChessBase"]
[SourceDate "2013.11.20"]
[SourceVersion "1"]
[SourceVersionDate "2013.11.20"]
[SourceQuality "1"]
[WhiteTeam "Ajka Banyasz"]
[BlackTeam "Tapolca"]
[WhiteTeamCountry "HUN"]
[BlackTeamCountry "HUN"]

1. d4 Nf6 2. Nf3 e6 3. c4 c5 4. e3 cxd4 5. exd4 d5 6. Nc3 Be7 7. Be2 0-0 8. 0-0 Nc6 9. Re1 dxc4 10. Bxc4 Na5 11. Bd3 b6 12. Ne5 Bb7 13. Be3 Nc6 14. Ng4 Nb4 15. Bb1 Rc8 16. a3 Nbd5 17. Qd3 g6 18. Ne5 Nxc3 19. bxc3 Be4 20. Qa6 Bxb1 21. Rexb1 Rxc3 22. Qxa7 Nd5 23. Bh6 Qa8 24. Qd7 Rd8 25. Qb5 Rxa3 26. Rxa3 Qxa3 27. Nc6 Rc8 28. Bc1 Qd6 29. Na7 Ra8 30. Ra1 Qc7 31. Bh6 Bf6 32. Qa6 Ne7 33. Rc1 Qxa7 0-1

[Event "HUN-chT2 Charousek 1011"]
[Site "Hungary"]
[Date "2011.05.01"]
[Round "10"]
[White "Samu, Ferenc"]
[Black "Brayer, Janos"]
[Result "1-0"]
[WhiteElo "2147"]
[BlackElo "2096"]
[PlyCount "71"]
[EventDate "2010.09.12"]
[EventType "team-tourn"]
[EventRounds "11"]
[EventCountry "HUN"]
[SourceTitle "EXT 2012"]
[Source "ChessBase"]
[SourceDate "2011.11.24"]
[SourceVersion "1"]
[SourceVersionDate "2011.11.24"]
[SourceQuality "1"]
[WhiteTeam "Tapolca"]
[BlackTeam "Kisber Aszar"]
[WhiteTeamCountry "HUN"]
[BlackTeamCountry "HUN"]

1. e4 c5 2. Nf3 g6 3. c3 Bg7 4. d4 cxd4 5. cxd4 d5 6. e5 Bg4 7. Qb3 Qd7 8. Nfd2 Nc6 9. Bb5 a6 10. Bxc6 Qxc6 11. Nc3 f6 12. Qxd5 Rd8 13. Qxc6+ bxc6 14. h3 Bf5 15. Nf3 Bd3 16. Bf4 Nh6 17. 0-0-0 Bc4 18. b3 Bd5 19. Nxd5 Rxd5 20. Kb1 g5 21. Bc1 Nf7 22. Bb2 h5 23. Rhe1 g4 24. exf6 Bxf6 25. Ng1 Nd6 26. f3 Rg8 27. hxg4 hxg4 28. f4 Nf5 29. Ne2 Bh4 30. Rh1 Bf6 31. Rc1 Kd7 32. g3 Nxd4 33. Nc3 Rc5 34. Rcd1 Kc7 35. Ne4 Nxb3 36. axb3 1-0

[Event "HUN-chT2 Charousek 1011"]
[Site "Hungary"]
[Date "2011.04.17"]
[Round "9"]
[White "Feher, Attila"]
[Black "Samu, Ferenc"]
[Result "0-1"]
[WhiteElo "2161"]
[BlackElo "2147"]
[PlyCount "80"]
[EventDate "2010.09.12"]
[EventType "team-tourn"]
[EventRounds "11"]
[EventCountry "HUN"]
[SourceTitle "EXT 2012"]
[Source "ChessBase"]
[SourceDate "2011.11.24"]
[SourceVersion "1"]
[SourceVersionDate "2011.11.24"]
[SourceQuality "1"]
[WhiteTeam "Husi"]
[BlackTeam "Tapolca"]
[WhiteTeamCountry "HUN"]
[BlackTeamCountry "HUN"]

1. Nf3 Nf6 2. c4 e6 3. d4 d5 4. Bg5 Be7 5. Nc3 0-0 6. e3 b6 7. Bd3 Bb7 8. cxd5 exd5 9. 0-0 Nbd7 10. Rc1 c5 11. h3 a6 12. b3 Re8 13. Bf4 Nf8 14. Bh2 Ne6 15. Bf5 Bf8 16. Ne5 cxd4 17. exd4 Ng5 18. Na4 g6 19. Bb1 Bd6 20. f4 Nge4 21. f5 b5 22. fxg6 fxg6 23. Bxe4 Bxe5 24. Bxg6 Bxh2+ 25. Kxh2 hxg6 26. Nc5 Qd6+ 27. Kg1 Bc8 28. Qd2 Kg7 29. Qg5 Ra7 30. Nd3 Ne4 31. Qh4 Ng3 32. Rf2 Nf5 33. Qg4 Qg3 34. Qd1 Ne3 35. Qe1 Qg5 36. Ne5 Nf5 37. Rc6 Nxd4 38. Qc3 Qxe5 39. Rxc8 Rxc8 40. Qxc8 Qe1+ 0-1

[Event "Tapolca Acs Memorial op"]
[Site "Budapest"]
[Date "2009.08.18"]
[Round "6"]
[White "Sardy, Peter"]
[Black "Samu, Ferenc"]
[Result "1-0"]
[WhiteElo "2305"]
[BlackElo "2126"]
[PlyCount "81"]
[EventDate "2009.08.15"]
[EventType "swiss"]
[EventRounds "7"]
[EventCountry "HUN"]
[SourceTitle "EXT 2011"]
[Source "ChessBase"]
[SourceDate "2010.11.26"]
[SourceVersion "1"]
[SourceVersionDate "2010.11.26"]
[SourceQuality "1"]

1. Nf3 Nf6 2. c4 e6 3. g3 d5 4. Bg2 Be7 5. 0-0 0-0 6. b3 c6 7. Bb2 Nbd7 8. Qc2 b6 9. d3 Qc7 10. Nbd2 Bb7 11. e4 dxe4 12. dxe4 e5 13. Qc3 Bd6 14. Nh4 g6 15. Rae1 a5 16. a3 b5 17. Qc1 bxc4 18. Nxc4 Ba6 19. Rd1 Bc5 20. Bh3 Rad8 21. Rfe1 Qb7 22. Qc2 Bxc4 23. bxc4 Rde8 24. Nf3 Re7 25. Re2 h5 26. Bxd7 Nxd7 27. Red2 f6 28. Kg2 a4 29. Nh4 Kh7 30. Qd3 Rff7 31. Qf3 Nf8 32. g4 Ne6 33. gxh5 Nf4+ 34. Kh1 gxh5 35. Ng2 Nxg2 36. Qxh5+ Kg7 37. Rg1 Rd7 38. Rxg2+ Kf8 39. f4 exf4 40. Rxd7 Qxd7 41. Qxc5+ 1-0

[Event "HUN-chT2 Szechenyi 0809"]
[Site "Hungary"]
[Date "2008.12.21"]
[Round "4.2"]
[White "Horvath, Imre"]
[Black "Samu, Ferenc"]
[Result "1/2-1/2"]
[WhiteElo "2303"]
[BlackElo "2106"]
[PlyCount "53"]
[EventDate "2008.10.26"]
[EventType "tourn"]
[EventRounds "11"]
[EventCountry "HUN"]
[SourceTitle "EXT 2010"]
[Source "ChessBase"]
[SourceDate "2010.11.25"]
[SourceVersion "1"]
[SourceVersionDate "2010.11.25"]
[SourceQuality "1"]
[WhiteTeam "Keszthely"]
[BlackTeam "Tapolca II"]
[WhiteTeamCountry "HUN"]
[BlackTeamCountry "HUN"]

1. Nf3 Nf6 2. b3 e6 3. Bb2 b6 4. g3 Bb7 5. Bg2 Be7 6. c4 0-0 7. Qc2 c5 8. Bxf6 Bxf6 9. Ng5 g6 10. Bxb7 Bxa1 11. Nxh7 Kxh7 12. Bxa8 Na6 13. Bf3 Nb4 14. Qc1 Qf6 15. Nc3 Bxc3 16. Qxc3 Nd3+ 17. exd3 Qxf3 18. 0-0 d6 19. d4 Qf5 20. Re1 Rd8 21. Qe3 Kg7 22. d3 Qf6 23. d5 exd5 24. cxd5 Rh8 25. Qe7 Rh5 26. Qxa7 Rxh2 27. Kxh2 1/2-1/2

[Event "Tapolca op"]
[Site "Budapest"]
[Date "2008.08.10"]
[Round "2"]
[White "Samu, Ferenc"]
[Black "Nemeth, Miklos"]
[Result "0-1"]
[WhiteElo "2112"]
[BlackElo "2451"]
[PlyCount "90"]
[EventDate "2008.08.09"]
[EventType "swiss"]
[EventRounds "7"]
[EventCountry "HUN"]
[SourceTitle "EXT 2011"]
[Source "ChessBase"]
[SourceDate "2010.11.26"]
[SourceVersion "1"]
[SourceVersionDate "2010.11.26"]
[SourceQuality "1"]

1. e4 e5 2. Nf3 Nc6 3. Nc3 g6 4. Bc4 Bg7 5. d3 h6 6. Be3 d6 7. h3 Nf6 8. Qd2 a6 9. a4 Nh5 10. g4 Nf6 11. g5 hxg5 12. Nxg5 Rf8 13. 0-0-0 Bd7 14. Rhg1 Qe7 15. Kb1 0-0-0 16. Rdf1 Nd4 17. f4 Bc6 18. Bd5 Bxd5 19. Nxd5 Nxd5 20. exd5 Nf5 21. Re1 Rde8 22. Qb4 Qd7 23. fxe5 Rxe5 24. Bf4 Rxd5 25. Re4 Rd4 26. Rxd4 Nxd4 27. Ne4 Ne2 28. Rf1 Nxf4 29. Rxf4 f5 30. Nd2 Bh6 31. Rc4 Bxd2 32. Qxd2 d5 33. Rf4 Qe7 34. Qf2 Re8 35. Qa7 Qd6 36. Rf3 Re1+ 37. Ka2 Qc6 38. Kb3 d4 39. Rf2 Qd5+ 40. Kb4 Re6 41. Qa8+ Kd7 42. Qh8 b5 43. Qf8 a5+ 44. Kxa5 bxa4+ 45. Kb4 Rb6+ 0-1

[Event "HUN-chT2 Szechenyi 0708"]
[Site "Hungary"]
[Date "2007.12.09"]
[Round "4"]
[White "Oltean, Gusztav"]
[Black "Samu, Ferenc"]
[Result "1/2-1/2"]
[WhiteElo "2122"]
[BlackElo "2108"]
[PlyCount "111"]
[EventDate "2007.10.14"]
[EventType "team-tourn"]
[EventRounds "11"]
[EventCountry "HUN"]
[SourceTitle "EXT 2009"]
[Source "ChessBase"]
[SourceDate "2008.11.26"]
[SourceVersion "1"]
[SourceVersionDate "2008.11.26"]
[SourceQuality "1"]
[WhiteTeam "Veszprem"]
[BlackTeam "Tapolca Szeremley"]
[WhiteTeamCountry "HUN"]
[BlackTeamCountry "HUN"]

1. c4 e6 2. g3 Nf6 3. Bg2 d5 4. d4 Be7 5. Nf3 0-0 6. 0-0 b6 7. cxd5 exd5 8. Nc3 Bb7 9. Bf4 Nh5 10. Be3 Nd7 11. Rc1 Re8 12. Qb3 c6 13. Rfd1 Bd6 14. Bg5 Qb8 15. Bh3 Ndf6 16. Bf5 g6 17. Bb1 Kg7 18. e3 h6 19. Bxf6+ Nxf6 20. Ne2 Qc8 21. Nf4 Bxf4 22. exf4 Qh3 23. Bd3 Ng4 24. Bf1 Qh5 25. h3 Ne3 26. g4 Nxg4 27. hxg4 Qxg4+ 28. Bg2 Qxf4 29. Ne5 Re6 30. Qf3 Qxf3 31. Bxf3 f6 32. Nd3 h5 33. Bxd5 Rd6 34. Nb4 cxd5 35. Rc7+ Kh6 36. Rxb7 Kg5 37. Kg2 a5 38. Nc2 Rc8 39. Ne3 Re8 40. Kf3 Kh6 41. Rg1 Re4 42. Rb8 Kh7 43. Rd1 Re7 44. Rc1 Kh6 45. Rh8+ Kg7 46. Rhc8 Ree6 47. R1c7+ Kh6 48. Rh8+ Kg5 49. Rc1 f5 50. Rg8 Kh6 51. Rg1 Kh7 52. Rc8 Re4 53. Rc7+ Kh6 54. Rc8 Kh7 55. Rd1 Kh6 56. Rg1 1/2-1/2

[Event "HUN-chT2 Charousek 0607"]
[Site "Hungary"]
[Date "2007.05.20"]
[Round "11"]
[White "Samu, Ferenc"]
[Black "Bubits, Bence"]
[Result "1/2-1/2"]
[WhiteElo "2088"]
[BlackElo "1800"]
[PlyCount "33"]
[EventDate "2006.11.12"]
[EventType "team-tourn"]
[EventRounds "11"]
[EventCountry "HUN"]
[SourceTitle "EXT 2008"]
[Source "ChessBase"]
[SourceDate "2007.11.25"]
[SourceVersion "1"]
[SourceVersionDate "2007.11.25"]
[SourceQuality "1"]
[WhiteTeam "Tapolca"]
[BlackTeam "Csuti II"]
[WhiteTeamCountry "HUN"]
[BlackTeamCountry "HUN"]

1. e4 c5 2. c3 d5 3. exd5 Qxd5 4. d4 cxd4 5. cxd4 Nc6 6. Be3 e5 7. Nc3 Bb4 8. dxe5 Qxe5 9. Rc1 Bf5 10. Nf3 Qa5 11. Bc4 Nf6 12. 0-0 0-0 13. Nd5 Nxd5 14. Qxd5 Rad8 15. Qxa5 Bxa5 16. Bb5 Bd3 17. Bxd3 1/2-1/2

[Event "HUN-chT2 Charousek 0607"]
[Site "Hungary"]
[Date "2007.04.29"]
[Round "9"]
[White "Samu, Ferenc"]
[Black "Toth, Laszlo5"]
[Result "1-0"]
[WhiteElo "2088"]
[BlackElo "1842"]
[PlyCount "79"]
[EventDate "2006.11.12"]
[EventType "team-tourn"]
[EventRounds "11"]
[EventCountry "HUN"]
[SourceTitle "EXT 2008"]
[Source "ChessBase"]
[SourceDate "2007.11.25"]
[SourceVersion "1"]
[SourceVersionDate "2007.11.25"]
[SourceQuality "1"]
[WhiteTeam "Tapolca"]
[BlackTeam "Lovo"]
[WhiteTeamCountry "HUN"]
[BlackTeamCountry "HUN"]

1. e4 c5 2. c3 d6 3. d4 cxd4 4. cxd4 g6 5. Bb5+ Bd7 6. Bxd7+ Nxd7 7. Nf3 Bg7 8. 0-0 e6 9. Bg5 Qb6 10. Qd2 Ngf6 11. Nc3 h6 12. Bf4 g5 13. Be3 Ng4 14. Bxg5 Nxh2 15. Nxh2 hxg5 16. Rfd1 Bf6 17. Rac1 a6 18. Ng4 Be7 19. d5 e5 20. g3 f6 21. Kg2 Kf7 22. Rh1 Kg7 23. Ne3 Raf8 24. Nf5+ Kf7 25. Qe2 Nc5 26. Rh5 Ke8 27. Rch1 Rxh5 28. Rxh5 Kd8 29. Rh7 Re8 30. Rf7 Qc7 31. Qf3 Qd7 32. b4 g4 33. Qxg4 Nd3 34. Qe2 Nxb4 35. a3 Qc8 36. Qb2 Nd3 37. Qb6+ Qc7 38. Qxc7+ Kxc7 39. Rxe7+ Rxe7 40. Nxe7 1-0

[Event "HUN-chT2 Charousek 0607"]
[Site "Hungary"]
[Date "2006.12.03"]
[Round "3"]
[White "Samu, Ferenc"]
[Black "Varga, Jozsef"]
[Result "1-0"]
[WhiteElo "2088"]
[BlackElo "2064"]
[PlyCount "61"]
[EventDate "2006.11.12"]
[EventType "team-tourn"]
[EventRounds "11"]
[EventCountry "HUN"]
[SourceTitle "EXT 2008"]
[Source "ChessBase"]
[SourceDate "2007.11.25"]
[SourceVersion "1"]
[SourceVersionDate "2007.11.25"]
[SourceQuality "1"]
[WhiteTeam "Tapolca"]
[BlackTeam "Szentgotthard"]
[WhiteTeamCountry "HUN"]
[BlackTeamCountry "HUN"]

1. e4 d6 2. d4 Nd7 3. Nf3 h6 4. Bc4 e6 5. Nc3 a6 6. a4 b6 7. 0-0 Bb7 8. Qe2 Ne7 9. Bd2 Ng6 10. Rad1 Qc8 11. Bc1 Be7 12. Ne1 c6 13. f4 d5 14. exd5 cxd5 15. Bd3 Ngf8 16. Nf3 Nf6 17. Rde1 g6 18. f5 gxf5 19. Bxf5 Qc7 20. Bd3 Ng4 21. h3 Nf6 22. Ne5 N8d7 23. Nxf7 Rf8 24. Qxe6 Rxf7 25. Bg6 0-0-0 26. Bxf7 Ne4 27. Qxe7 Nxc3 28. bxc3 Qxc3 29. Bf4 Qxd4+ 30. Kh1 Qc5 31. Qxd8+ 1-0

[Event "HUN-chT2 Szechenyi 0506"]
[Site "Hungary"]
[Date "2006.01.22"]
[Round "6"]
[White "Samu, Ferenc"]
[Black "Csaba, Arpad"]
[Result "1-0"]
[WhiteElo "2058"]
[BlackElo "2177"]
[PlyCount "79"]
[EventDate "2005.10.16"]
[EventType "team-tourn"]
[EventRounds "11"]
[EventCountry "HUN"]
[SourceTitle "EXT 2009"]
[Source "ChessBase"]
[SourceDate "2008.11.26"]
[SourceVersion "1"]
[SourceVersionDate "2008.11.26"]
[SourceQuality "1"]
[WhiteTeam "Tapolca Varju"]
[BlackTeam "Ajka Banyasz"]
[WhiteTeamCountry "HUN"]
[BlackTeamCountry "HUN"]

1. e4 c5 2. c3 e6 3. d4 d5 4. exd5 exd5 5. Bb5+ Nc6 6. Nf3 Bd6 7. dxc5 Bxc5 8. 0-0 Nge7 9. Nd4 0-0 10. Nxc6 bxc6 11. Bd3 Bf5 12. Bf4 Qd7 13. b4 Bxd3 14. Qxd3 Ng6 15. Bg3 Bd6 16. Nd2 Bxg3 17. hxg3 Ne5 18. Qc2 Rfe8 19. Nf3 f6 20. Rad1 a5 21. Rd4 axb4 22. Rxb4 Nc4 23. Rd1 Qa7 24. Qf5 Re4 25. Rxd5 Re2 26. Rd4 Nd6 27. Qd3 Rxa2 28. Rb1 g6 29. Rd1 Qc5 30. Nh4 Nf7 31. Nxg6 hxg6 32. Qxg6+ Kf8 33. Qxf6 Qe7 34. Qxc6 Qe2 35. Qc5+ Kg7 36. Rd7 R2a5 37. Qc7 Rf8 38. Rf1 Ra6 39. Re7 Qh5 40. Re4 1-0

[Event "HUN-chT2 Szechenyi 0405"]
[Site "Hungary"]
[Date "2005.04.24"]
[Round "11"]
[White "Samu, Ferenc"]
[Black "Vida, Jeno"]
[Result "1-0"]
[WhiteElo "2066"]
[BlackElo "1999"]
[PlyCount "51"]
[EventDate "2004.09.26"]
[EventType "team-tourn"]
[EventRounds "11"]
[EventCountry "HUN"]
[SourceTitle "EXT 2009"]
[Source "ChessBase"]
[SourceDate "2008.11.26"]
[SourceVersion "1"]
[SourceVersionDate "2008.11.26"]
[SourceQuality "1"]
[WhiteTeam "Tapolca II"]
[BlackTeam "Kertvaros"]
[WhiteTeamCountry "HUN"]
[BlackTeamCountry "HUN"]

1. e4 e5 2. Nf3 Nc6 3. d4 exd4 4. Nxd4 Bc5 5. Be3 Qe7 6. Nxc6 dxc6 7. Bxc5 Qxc5 8. Nc3 Be6 9. Bd3 Rd8 10. 0-0 Nf6 11. Qe1 0-0 12. Kh1 Rfe8 13. f3 b5 14. Qg3 Rd7 15. e5 Nd5 16. Ne4 Qe7 17. f4 f5 18. exf6 Nxf6 19. Rae1 Nxe4 20. Bxe4 Qf6 21. Bxc6 Ree7 22. Bxd7 Rxd7 23. Qe3 Rd6 24. Qxa7 h6 25. Qxc7 Bc4 26. Rg1 1-0

[Event "HUN-chT U20"]
[Site "Budapest"]
[Date "2004.12.30"]
[Round "7"]
[White "Szabo, Krisztian"]
[Black "Samu, Ferenc"]
[Result "1/2-1/2"]
[WhiteElo "2371"]
[BlackElo "2066"]
[PlyCount "60"]
[EventDate "2004.12.27"]
[EventType "team-tourn"]
[EventRounds "7"]
[EventCountry "HUN"]
[SourceTitle "EXT 2008"]
[Source "ChessBase"]
[SourceDate "2007.11.25"]
[SourceVersion "1"]
[SourceVersionDate "2007.11.25"]
[SourceQuality "1"]

1. e4 c5 2. Nf3 a6 3. c3 d5 4. exd5 Qxd5 5. d4 Nf6 6. Be2 cxd4 7. cxd4 e6 8. 0-0 Nc6 9. Nc3 Qd6 10. Be3 Be7 11. Nd2 0-0 12. Nc4 Qd8 13. Bf3 Nd5 14. Nxd5 exd5 15. Ne5 Be6 16. Qd2 Qb6 17. Nxc6 Qxc6 18. Bg5 f6 19. Bf4 Rfc8 20. Rfe1 Bf8 21. h3 b5 22. Qd3 Bf7 23. Rac1 Qb6 24. b3 g6 25. Bg4 Rxc1 26. Rxc1 Re8 27. Bf3 Qa5 28. Qd2 Bb4 29. Qc2 Qb6 30. Be3 Rd8 1/2-1/2

[Event "HUN-chT U20"]
[Site "Budapest"]
[Date "2004.12.29"]
[Round "5"]
[White "Samu, Ferenc"]
[Black "Markhot, Zsuzsa"]
[Result "1/2-1/2"]
[WhiteElo "2066"]
[BlackElo "2004"]
[PlyCount "43"]
[EventDate "2004.12.27"]
[EventType "team-tourn"]
[EventRounds "7"]
[EventCountry "HUN"]
[SourceTitle "EXT 2008"]
[Source "ChessBase"]
[SourceDate "2007.11.25"]
[SourceVersion "1"]
[SourceVersionDate "2007.11.25"]
[SourceQuality "1"]

1. e4 c5 2. c3 d5 3. exd5 Qxd5 4. d4 Nc6 5. Be3 cxd4 6. cxd4 e6 7. Nf3 Nf6 8. Bd3 Bb4+ 9. Nc3 Qa5 10. Qc2 Nd5 11. Bd2 Qb6 12. Ne2 Bd7 13. a3 Bxd2+ 14. Qxd2 Na5 15. Nc1 Bb5 16. Qg5 0-0 17. Qh4 Bxd3 18. Nxd3 Nb3 19. Rd1 Qa5+ 20. Kf1 Qd8 21. Qe4 Rc8 22. Nde1 1/2-1/2